Principles of operations management / (Record no. 2364)
[ view plain ]
| 000 -LEADER | |
|---|---|
| fixed length control field | 00806nam a2200265 a 4500 |
| 001 - CONTROL NUMBER | |
| control field | 013840115 |
| 003 - CONTROL NUMBER IDENTIFIER | |
| control field | ALUPE UNIVERSITY |
| 005 - DATE AND TIME OF LATEST TRANSACTION | |
| control field | 20210708101936.0 |
| 008 - FIXED-LENGTH DATA ELEMENTS--GENERAL INFORMATION | |
| fixed length control field | 000405s2001 nju b 001 0 eng |
| 020 ## - INTERNATIONAL STANDARD BOOK NUMBER | |
| International Standard Book Number | 9780130271471 |
| 035 ## - SYSTEM CONTROL NUMBER | |
| System control number | (UkLCURL)980000037320 |
| 040 ## - CATALOGING SOURCE | |
| Transcribing agency | ALUPE UNIVERSITY |
| 050 #4 - LIBRARY OF CONGRESS CALL NUMBER | |
| Classification number | TS155 |
| Item number | .H37 2001 |
| 100 1# - MAIN ENTRY--PERSONAL NAME | |
| Personal name | Heizer, Jay. |
| 245 10 - TITLE STATEMENT | |
| Title | Principles of operations management / |
| Statement of responsibility, etc. | Jay Heizer, Barry Render. |
| 250 ## - EDITION STATEMENT | |
| Edition statement | 4th ed |
| 260 ## - PUBLICATION, DISTRIBUTION, ETC. | |
| Place of publication, distribution, etc. | Upper Saddle River, N.J. : |
| Name of publisher, distributor, etc. | Prentice Hall, |
| Date of publication, distribution, etc. | 2001. |
| 300 ## - PHYSICAL DESCRIPTION | |
| Extent | 1 v, [various pagings] ; |
| Dimensions | 26 cm. |
| 500 ## - GENERAL NOTE | |
| General note | Previous ed.: 1999. |
| 504 ## - BIBLIOGRAPHY, ETC. NOTE | |
| Bibliography, etc. note | Includes bibliographical references and index |
| 650 #0 - SUBJECT ADDED ENTRY--TOPICAL TERM | |
| Topical term or geographic name entry element | Production management. |
| 700 1# - ADDED ENTRY--PERSONAL NAME | |
| Personal name | Render, Barry. |
| 942 ## - ADDED ENTRY ELEMENTS (KOHA) | |
| Source of classification or shelving scheme | |
| Koha item type | Book |
| Edition | PW |
| Withdrawn status | Lost status | Source of classification or shelving scheme | Damaged status | Not for loan | Permanent Location | Current Location | Shelving location | Date acquired | Total Checkouts | Full call number | Barcode | Date last seen | Price effective from | Koha item type | Public note |
|---|---|---|---|---|---|---|---|---|---|---|---|---|---|---|---|
| AU LIBRARY | AU LIBRARY | Open Shelf | 08.07.2021 | TS155 .H37 2001 | 28002901 | 08.07.2021 | 08.07.2021 | Book | PW |